000 01196cab a2200325 4500
001 ABS54118
008 090401t1995 xxu||||| |||| 00| 0 eng d
035 _a(Sirsi) u8643
041 _aeng
100 _aNevin, B.
245 4 _aThe left, urban policy and community empowerment
260 _c1995
350 _a0
490 _aLocal Economy
_v10(3) November 1995, 204-217(7)
520 _aExamines Conservative policy since 1979 towards urban regeneration, then focuses on reports by City 2020, Commission for Social Justice, Centre for Local Economic Strategies and Association of Metropolitan Authorities, which intend to influence Labour party policy prior to the general election.
650 _aASSOCIATION OF METROPOLITAN AUTHORITIES
650 _aCENTRE FOR LOCAL ECONOMIC STRATEGIES
650 _aCITY 2020
650 _aCOMMISSION FOR SOCIAL JUSTICE
650 _aCONSERVATIVE PARTY
650 _aLABOUR PARTY
650 _aLOCAL GOVERNMENT PLANNING AND LAND ACT 1980
650 _aSINGLE REGENERATION BUDGET
650 _aURBAN POLICY
650 _aURBAN REGENERATION
690 _aURBAN RENEWAL
700 _aShiner, P.
942 _n0
948 _c04/03/1997
999 _c5357
_d5357